Top 500 Marvel Comics Characters - Statistics

General Stats
  • This quiz has been taken 1,840 times
  • The average score is 137 of 499
Answer Stats
# of Appearances Character First Appearance % Correct
485 Spider-Man (Miles Morales) Ultimate Fallout #4 (October 2011)
98%
4,308 Spider-Man (Peter Parker) Amazing Fantasy #15 (August 1962)
98%
3,638 Captain America (Steve Rogers) Captain America Comics #1 (March 1941)
97%
817 Falcon (Sam Wilson) Captain America #117 (September 1969)
97%
749 Winter Soldier (Bucky Barnes) Captain America Comics #1 (March 1941)
97%
2,029 Hulk (Bruce Banner) Incredible Hulk #1 (May 1962)
96%
3,408 Iron Man (Tony Stark) Tales of Suspense #39 (March 1963)
96%
623 War Machine (Jame Rhodes) Iron Man #118 (January 1979)
96%
300 M (Monet St. Croix) Generation X #1 (November 1994)
95%
2,437 Thor Journey into Mystery #83 (August 1962)
94%
3,334 Wolverine (Logan) Incredible Hulk #180 (October 1974)
92%
464 X-23 (Laura Kinney) NYX #3 (February 2004)
91%
1,995 Human Torch (Johnny Storm) Fantastic Four #1 (November 1961)
87%
1,728 Invisible Woman (Sue Storm) Fantastic Four #1 (November 1961)
85%
1,252 Black Widow (Natasha Romanoff) Tales of Suspense #52 (April 1964)
83%
1,502 Daredevil (Matt Murdock) Daredevil #1 (April 1964)
83%
2,307 Thing (Ben Grimm) Fantastic Four #1 (November 1961)
83%
1,640 Doctor Strange (Stephen Strange) Strange Tales #10 (July 1963)
82%
462 Loki Journey into Mystery #84 (October 1962)
82%
2,083 Mr. Fantastic (Reed Richards) Fantastic Four #1 (November 1961)
82%
1,272 Professor X (Charles Xavier) X-Men #1 (September 1963)
82%
182 Two-Gun Kid (Matt Hawk) Two-Gun Kid #60 (November 1962)
82%
232 Hawkeye (Kate Bishop) Young Avengers #1 (April 2005)
80%
2,102 Cyclops (Scott Summers) X-Men #1 (September 1963)
79%
860 Magneto X-Men #1 (September 1963)
79%
1,085 Ant-Man (Hank Pym) Tales to Astonish #27 (January 1962)
78%
1,134 Black Panther (T'Challa) Fantastic Four #52 (July 1966)
78%
1,384 Captain Marvel (Carol Danvers) Marvel Super-Heroes #13 (March 1968)
78%
945 Deadpool (Wade Wilson) New Mutants #98 (February 1991)
78%
1,557 Hawkeye (Clint Barton) Tales of Suspense #57 (September 1964)
78%
1,139 Nick Fury Sgt. Fury #1 (May 1963)
78%
189 Squirrel Girl (Doreen Green) Marvel Super-Heroes #8 (January 1992)
78%
383 Thanos Iron Man #55 (February 1975)
78%
314 Ant-Man (Scott Lang) Avengers #181 (March 1979)
77%
171 Nick Fury Jr. Battle Scars #1 (January 2012)
76%
1,244 Scarlet Witch (Wanda Maximoff) X-Men #4 (March 1964)
76%
323 Chili Storm Millie the Model Comics #3 (December 1946)
75%
1,182 She-Hulk (Jennifer Walters) Savage She-Hulk #1 (February 1980)
75%
1,881 Storm (Ororo Munroe) Giant-Size X-Men #1 (May 1975)
75%
451 Captain Marvel (Monica Rambeau) Amazing Spider-Man Annual #16 (October 1982)
74%
627 Green Goblin (Norman Osborn) Amazing Spider-Man #14 (July 1964)
74%
1,288 Marvel Girl (Jean Grey) X-Men #1 (September 1963)
74%
168 Captain Marvel (Mar-Vell) Marvel Super-Heroes #12 (December 1967)
73%
563 Human Torch (Jim Hammond) Marvel Comics #1 (October 1939)
73%
571 Odin Journey into Mystery #85 (October 1962)
73%
428 Venom (Eddie Brock) Web of Spider-Man #18 (September 1986)
73%
143 Captain Marvel (Genis-Vell) Silver Surfer Annual #6 (October 1993)
72%
306 Star-Lord (Peter Quill) Thanos #8 (June 2004)
72%
1,977 Beast (Hank McCoy) X-Men #1 (September 1963)
71%
727 Silver Surfer (Norrin Radd) Fantastic Four #48 (March 1966)
71%
1,096 Wasp (Janet Van Dyne) Tales to Astonish #44 (June 1963)
71%
131 Wasp (Nadia Van Dyne) Free Comic Book Day 2016 (Civil War II) #1 (May 2016)
71%
872 Doctor Doom (Victor von Doom) Fantastic Four #5 (July 1962)
70%
786 Quicksilver (Pietro Maximoff) X-Men #4 (March 1964)
70%
295 Groot Annihilation: Conquest - Starlord #1 (September 2007)
68%
391 Rocket Raccoon Incredible Hulk #271 (May 1982)
68%
382 Gamora Strange Tales #180 (June 1975)
67%
485 Doctor Octopus (Otto Octavius) Amazing Spider-Man #3 (July 1963)
66%
1,003 Punisher (Frank Castle) Amazing Spider-Man #129 (February 1974)
66%
109 Ghost Iron Man #219 (June 1987)
65%
793 Iron Fist (Danny Rand) Marvel Premiere #15 (May 1974)
65%
1,129 Mary Jane Watson Amazing Spider-MAn #25 (June 1965)
65%
1,120 Vision Avengers #57 (October 1968)
65%
507 Thunderbolt Ross Incredible Hulk #1(May 1962)
64%
802 Psylocke (Betsy Braddock) Captain Britain #8 (December 1976)
63%
391 Drax the Destroyer (Arthur Douglas) Iron Man #55 (February 1973)
62%
1,415 Iceman (Bobby Drake) X-Men #1 (September 1963)
62%
1,074 Luke Cage Hero for Hire #1 (June 1972)
62%
1,240 Nightcrawler (Kurt Wagner) Giant-Size X-Men #1 (May 1975)
61%
289 Sandman (William Baker) Amazing Spider-Man #4 (September 1963)
61%
138 Silk (Cindy Moon) Amazing Spider-Man #1 (June 2014)
61%
438 Galactus Fantastic Four #48 (March 1966)
60%
1,550 Prince Namor the Sub-Mariner Motion Picture Funnies #1 (April 1939)
60%
339 Red Skull (Johann Shmidt) Captain America Comics #7 (October 1941)
60%
1,022 Rogue Avengers Annual #10 (October 1981)
60%
428 Ghost Rider (Johnny Blaze) Marvel Spotlight #5 (August 1972)
59%
170 Ultron Avengers #54 (July 1968)
59%
331 Ghost Rider (Danny Ketch) Ghost Rider #1 (May 1990)
58%
135 Ghost Rider (Robby Reyes) All-New Ghost Rider #1 (May 2014)
58%
607 Kingpin (Wilson Fisk) Amazing Spider-Man #50 (July 1967)
58%
186 Electro (Maxwell Dillon) Amazing Spider-Man #9 (February 1964)
57%
1,310 Angel (Warren Worthington III) X-Men #1 (September 1963)
56%
1,211 Colossus (Piotr Rasputin) Giant-Size X-Men #1 (May 1975)
56%
508 Mystique (Raven Darkhölme) Ms. Marvel #16 (April 1978)
56%
241 Spider-Woman (Julia Carpenter) Marvel Super-Heroes Secret Wars #6 (October 1984)
56%
314 The Doctor Doctor Who Weekly #1 (October 1979)
56%
125 Angel (Thomas Holloway) Marvel Comics #1 (October 1939)
55%
782 Aunt May (May Parker) Amazing Fantasy #15 (August 1962)
55%
528 Captain Britain (Brian Braddock) Captain Britain #1 (October 1976)
55%
364 Elektra (Elektra Natchios) Daredevil #168 (January 1981)
55%
776 Gambit (Remy LeBeau) Uncanny X-Men #266 (August 1990)
55%
382 Ms. Marvel (Kamala Khan) All-New Marvel NOW! Point One #1.NOW (March 2014)
55%
171 Carnage (Cletus Kasady) Amazing Spider-Man #344 (February 1991)
54%
327 Jessica Jones Alias #1 (November 2001)
54%
436 Nova (Richard Rider) Nova #1 (September 1976)
54%
741 Cable (Nathan Summers) New Mutants #86 (February 1990)
53%
188 Gwen Stacy Amazing Spider-Man #31 (December 1965)
53%
115 Ms. Marvel (Sharon Ventura) The Thing #27 (September 1985)
53%
170 Mysterio (Quentin Beck) Amazing Spider-Man #13 (June 1964)
52%
671 Spider-Woman (Jessica Drew) Marvel Spotlight #32 (February 1977)
52%
305 Blade (Eric Brooks) Tomb of Dracula #10 (July 1973)
50%
200 Lizard (Curt Connors) Amazing Spider-Man #6 (November 1963)
50%
256 Nova (Sam Alexander) Point One #1 (January 2012)
50%
278 Rhino (Alexei Sytsevich) Amazing Spider-Man #41 (October 1966)
50%
205 Vulture (Adrian Toomes) Amazing Spider-Man #2 (May 1963)
50%
340 Juggernaut (Cain Marko) X-Men #12 (July 1965)
49%
200 Kang (Nathaniel Richards) Avengers #8 (September 1964)
49%
318 Pepper Potts Tales of Suspense #45 (September 1963)
49%
389 Shang-Chi Special Marvel Edition #15 (December 1973)
49%
503 Moon Knight (Marc Spector) Werewolf by Night #32 (August 1975)
48%
537 Phoenix (Rachel Summers) X-Men #141 (January 1981)
48%
106 Abomination (Emil Blonsky) Tales to Astonish #90 (April 1967)
46%
194 Hela Journey into Mystery #102 (March 1964)
46%
1,113 Kitty Pryde X-Men #129 (January 1980)
46%
1,053 Emma Frost X-Men #129 (January 1980)
45%
557 Jubilee (Jubilation Lee) Uncanny X-Men #244 (May 1989)
45%
159 Kraven the Hunter (Sergei Kravinoff) Amazing Spider-Man #15 (August 1964)
45%
138 Mantis Avengers #112 (June 1973)
45%
497 Sabretooth (Victor Creed) Iron Fist #14 (August 1977)
45%
103 Miss America (Madeline Joyce) Marvel Mystery Comics #49 (November 1943)
44%
239 Adam Warlock Fantastic Four #66 (September 1967)
42%
323 Bullseye Daredevil #131 (March 1976)
42%
744 Conan Conan the Barbarian #1 (October 1970)
42%
225 Apocalypse (En Sabah Nur) X-Factor #5 (June 1986)
40%
434 Betty Ross Incredible Hulk #1 (May 1962)
40%
411 Black Bolt Fantastic Four #45 (December 1965)
40%
446 Black Cat (Felicia Hardy) Amazing Spider-Man #194 (July 1979)
40%
147 Dormammu Strange Tales #126 (November 1964)
40%
155 Mandarin Tales of Suspense #50 (February 1964)
40%
247 Sentry (Robert Reynolds) Sentry #1 (September 2000)
40%
221 Spider-Girl (Mayday Parker) What If...? #105 (February 1998)
40%
422 Wong Strange Tale #110 (July 1963)
40%
251 Dracula Tomb of Dracula #1 (April 1972)
39%
627 Havok (Alex Summers) X-Men #54 (March 1969)
39%
123 Peggy Carter Tales of Suspense #77 (March 1966)
39%
321 Scorpion (Mac Gargan) Amazing Spider-Man #19 December 1964)
39%
191 Shuri Black Panther #2 (May 2005)
39%
216 Toad (Mortimer Toynbee) X-Men #4 (March 1964)
39%
617 Magik (Illyana Rasputina) Giant-Size X-Men #1 (May 1975)
38%
140 Pyro (St. John Allerdyce) X-Men #141 (January 1981)
38%
243 Baron Zemo (Helmut Zemo) Captain America #168 (December 1973)
37%
500 Bishop (Lucas Bishop) Uncanny X-Men #282 (November 1991)
37%
288 Heimdall Journey into Mystery #85 (October 1962)
37%
761 Hercules Journey into Mystery Annual #1 (October 1965)
37%
486 Maria Hill New Avengers #4 (April 2005)
37%
250 Cloak (Tyrone Johnson) Peter Parker, The Spectacular Spider-Man #64 (March 1982)
36%
237 Harry Osborn Amazing Spider-Man #31 (December 1965)
35%
401 Mephisto Silver Surfer #3 (December 1968)
35%
137 M.O.D.O.K. (George Tarleton) Tales of Suspense #94 (October 1967)
35%
380 Banshee (Sean Cassidy) X-Men #28 (January 1967)
34%
224 Blob (Fred Dukes) X-Men #3 (January 1964)
34%
206 Howard the Duck Fear #19 (December 1973)
34%
1,073 J. Jonah Jameson Amazing Spider-Man #1 (March 1963)
34%
139 Ronan the Accuser Fantastic Four #65 (August 1967)
34%
473 Sif Journey into Mystery #102 (March 1964)
34%
717 Wonder Man (Simon Williams) Avengers #9 (October 1964)
34%
584 Flash Thompson Amazing Fantasy #15 (August 1962)
33%
137 Ironheart (Riri Williams) Invincible Iron Man #7 (May 2016)
33%
482 Jane Foster Journey into Mystery #84 (September 1962)
33%
199 Longshot Longshot #1 (September 1985)
33%
219 Morbius (Michael Morbius) Amazing Spider-Man #101 (October 1971)
33%
178 Shocker (Herman Schultz) Amazing Spider-Man #46 (March 1967)
33%
388 Valkyrie (Brunnhilde) Defenders #4 (February 1973)
33%
598 Rick Jones Incredible Hulk #1 (May 1962)
32%
560 Sunspot (Roberto da Costa) Marvel Graphic Novel #4 (November 1982)
32%
286 Taskmaster (Tony Masters) Avengers #195 (May 1980)
32%
163 Araña (Anya Corazón) Amazing Fantasy #1 (August 2004)
31%
236 Dagger (Tandy Bowen) Peter Parker, The Spectacular Spider-Man #64 (March 1982)
31%
470 Domino (Neena Thurman) X-Force #8 (March 1992)
31%
525 Medusa Fantastic Four #36 (March 1965)
31%
109 Marionette (Mari) Micronauts #1 (January 1979)
30%
364 Tigra (Greer Nelson) The Cat #1 (November 1972)
30%
142 Devil Dinosaur Devil Dinosaur #1 (April 1978)
29%
276 Man-Thing (Ted Sallis) Savage Tales #1 (May 1971)
29%
277 Mr. Sinister (Nathaniel Essex) Uncanny X-Men #221 (September 1987)
29%
286 Quasar (Wendell Vaughn) Captain America #217 (January 1978)
29%
387 Sharon Carter Tales of Suspense #75 (March 1966)
29%
111 Moon Girl (Lunella Lafayette) Moon Girl and Devil Dinosaur #1 (January 2016)
28%
129 Spider-Ham (Peter Porker) Marvel Tails Starring Peter Porker, the Spectacular Spider-Ham #1 (November 1983)
28%
388 U.S. Agent (John Walker) Captain America #323 (November 1986)
28%
113 Baron Mordo (Karl Mordo) Strange Tales #111 (August 1963)
27%
478 Black Knight (Dane Whitman) Avengers #47 (December 1967)
27%
176 Darkhawk (Chris Powell) Darkhawk #1 (March 1991)
27%
355 Firestar (Angelica Jones) Uncanny X-Men #193 (May 1985)
27%
552 Foggy Nelson Daredevil #1 (April 1964)
27%
604 Franklin Richards Fantastic Four Annual #6 (November 1968)
27%
180 Mole Man (Harvey Elder) Fantastic Four #1 (November 1961)
27%
169 Ms. America (America Chavez) Vengeance #1 (September 2011)
27%
131 Phil Coulson Battle Scars #1 (January 2012)
27%
177 Werewolf by Night (Jack Russell) Marvel Spotlight #2 (February 1972)
27%
180 X-Man (Nathaniel Grey) X-Man #1 (March 1995)
27%
196 Leader (Samuel Sterns) Tales to Astonish #62 (December 1964)
26%
259 Sersi Eternals #3 (September 1976)
26%
161 Shanna the She-Devil (Shanna O'Hara) Shanna the She-Devil #1 (December 1972)
26%
202 Alex Power Power Pack #1 (August 1984)
25%
205 Atlas (Erik Josten) Avengers #21 (October 1965)
25%
508 Polaris (Lorna Dane) X-Men #49 (October 1968)
25%
193 Thunderball (Eliot Franklin) Defenders #17 (November 1974)
25%
439 Uatu the Watcher Fantastic Four #13 (April 1963)
25%
125 Whirlwind (David Cannon) Tales to Astonish #50 (December 1963)
25%
143 Zeus Journey into Mystery Annual #1 (October 1965)
25%
137 Ancient One Strange Tales #110 (July 1963)
24%
361 Boom-Boom (Tabitha Smith) Secret Wars II #5 (November 1985)
24%
757 Cannonball (Sam Guthrie) Marvel Graphic Novel #4 (November 1982)
24%
171 Happy Hogan Tales of Suspense #45 (September 1963)
24%
138 Ikaris Eternals #1 (July 1976)
24%
110 Jack Power Power Pack #1 (August 1984)
24%
164 Julie Power Power Pack #1 (August 1984)
24%
303 Justice (Vance Astrovik) Giant-Size Defenders #5 (July 1975)
24%
115 Katie Power Power Pack #1 (August 1984)
24%
333 Kid Colt (Blaine Colt) Kid Colt #1 (August 1948)
24%
317 Lockjaw Fantastic Four #45 (December 1965)
24%
396 Millie the Model Millie the Model Comics #1 (December 1945)
24%
146 Super Skrull (Kl'rt) Fantastic Four #18 (September 1963)
24%
195 Wiccan (Billy Kaplan) Young Avengers #1 (April 2005)
24%
200 Beta Ray Bill Thor #337 (November 1983)
23%
391 Dazzler (Alison Blaire) X-Men #130 (February 1980)
23%
126 Echo (Maya Lopez) Daredevil #9 (July 1999)
23%
613 Edwin Jarvis Tales of Suspense #59 (November 1964)
23%
378 Misty Knight Marvel Premiere #21 (March 1975)
23%
133 Quake (Daisy Johnson) Secret War #2 (July 2004)
23%
163 Spider-Man 2099 (Miguel O'Hara) Spider-Man 2099 #1 (November 1992)
23%
152 The Hood (Parker Robbins) The Hood #1 (July 2002)
23%
290 Valeria Richards Fantastic Four #54 (June 2002)
23%
167 Chameleon (Dmitri Smerdyakov) Amazing Spider-Man #1 (March 1963)
22%
249 Enchantress (Amora) Journey into Mystery #103 (April 1964)
22%
251 Sebastian Shaw X-Men #129 (January 1980)
22%
188 Stinger (Cassie Lang) Marvel Premiere #47 (April 1979)
22%
399 Warpath (James Proudstar) New Mutants #16 (June 1984)
22%
103 Collector (Taneleer Tivan) Avengers #28 (May 1966)
21%
173 Crossbones (Brock Rumlow) Captain America #360 (October 1989)
21%
530 Crystal Fantastic Four #45 (December 1965)
21%
365 Forge Uncanny X-Men #184 (August 1984)
21%
177 Hulkling (Teddy Altman) Young Avengers #1 (April 2005)
21%
144 Kull Kull the Conqueror #1 (June 1971)
21%
195 Rawhide Kid (Jonathan Clay) Rawhide Kid #17 (August 1960)
21%
338 Warlock New Mutants #18 (August 1984)
21%
478 Wolfsbane (Rahne Sinclair) Marvel Graphic Novel #4 (November 1982)
21%
244 Absorbing Man (Carl Creel) Journey into Mystery #114 (March 1965)
20%
146 Agatha Harkness Fantastic Four #94 (January 1970)
20%
257 Ares Thor #129 (June 1966)
20%
115 Blue Marvel (Adam Brashear) Adam: Legend of the Blue Marvel #1 (January 2009)
20%
162 Frigga Journey into Mystery #92 (May 1963)
20%
287 Hope Summers X-Men #205 (January 2008)
20%
155 Klaw (Ulysses Klaw) Fantastic Four #53 (August 1966)
20%
174 Lady Deathstrike (Yuriko Oyama) Daredevil #197 (August 1983)
20%
161 Guardian (James Hudson) X-Men #109 (February 1978)
19%
714 Hellcat (Patsy Walker) Miss America Magazine #2 (November 1944)
19%
473 Mockingbird (Bobbi Morse) Astonishing Tales 36 (June 1971)
19%
107 Morph (Kevin Sidney) Exiles #1 (August 2001)
19%
312 Scarlet Spider (Ben Reilly) Amazing Spider-Man #149 (October 1975)
19%
163 Tombstone (Lonnie Lincoln) Web of Spider-Man #36 (March 1988)
19%
107 Two-Gun Kid (Clay Harder) Two-Gun Kid #1 (March 1948)
19%
167 Viper (Ophelia Sarkissian) Captain America #110 (February 1969)
19%
124 Hydro-Man (Morris Bench) Amazing Spider-Man #212 (January 1981)
18%
211 Sunfire (Shiro Yoshida) X-Men #64 (January 1970)
18%
455 Volstagg Journey into Mystery #119 (August 1965)
18%
146 Annihilus Fantastic Four Annual #6 (November 1968)
17%
589 Dum Dum Dugan Sgt. Fury #1 (May 1963)
17%
109 Ganke Lee Ultimate Spider-Man #2 (November 2011)
17%
231 Karen Page Daredevil #1 (April 1964)
17%
251 Ka-Zar (Kevin Plunder) X-Men #10 (March 1965)
17%
151 Madame Masque (Whitney Frost) Tales of Suspense #97 (January 1968)
17%
219 Man-Wolf (John Jameson) Amazing Spider-Man #1 (March 1963)
17%
451 Mirage (Dani Moonstar) Marvel Graphic Novel #4 (November 1982)
17%
302 Multiple Man (Jamie Madrox) Giant-Size Fantastic Four #4 (February 1975)
17%
111 Omega Red (Arkady Rossovich) X-Men #4 (January 1992)
17%
333 Sasquatch (Walter Langkowski) X-Men #120 (April 1979)
17%
114 Thena Eternals #5 (November 1976)
17%
240 Clea Strange Tales #126 (November 1964)
16%
125 Corsair (Christopher Summers) X-Men #104 (April 1977)
16%
415 Fandral Journey into Mystery #119 (August 1965)
16%
270 Gabe Jones Sgt. Fury #1 (May 1963)
16%
156 Hammerhead Amazing Spider-Man #113 (October 1972)
16%
185 High Evolutionary (Herbert Wyndham) Thor #134 (November 1966)
16%
417 Hogun Journey into Mystery #119 (August 1965)
16%
322 Moondragon (Heather Douglas) Iron Man #54 (January 1973)
16%
265 Namorita Sub-Mariner #50 (June 1972)
16%
115 Ned Leeds Amazing Spider-Man #18 (November 1964)
16%
359 Northstar (Jean-Paul Beaubier) X-Men #120 (April 1979)
16%
164 Silver Sable (Silvija Sablinova) Amazing Spider-Man #265 (June 1985)
16%
207 Starfox (Eros) Iron Man #55 (February 1973)
16%
278 Amadeus Cho Amazing Fantasy #15 (January 2006)
15%
429 Betty Brant Amazing Spider-Man #4 (September 1963)
15%
220 Gladiator (Kallark) X-Men #107 (October 1977)
15%
104 Hyperion (Marcus Milton) Avengers #1 (February 2013)
15%
106 Luna Maximoff Fantastic Four #240 (March 1982)
15%
139 Namora (Aquaria Neptunia) Marvel Mystery Comics #82 (May 1947)
15%
106 Normie Osborn Amazing Spider-Man #263 (April 1985)
15%
338 Puck (Eugene Judd) Alpha Flight #1 (August 1983)
15%
122 Blink (Clarice Ferguson) X-Men: Alpha #1 (February 1995)
14%
114 Legion (David Haller) New Mutants #26 (April 1985)
14%
105 Patriot (Elijah Bradley) Young Avengers #1 (April 2005)
14%
235 Shatterstar New Mutants #99 (March 1991)
14%
124 Sin (Sinthea Shmidt) Captain America #290 (February 1984)
14%
250 Aurora (Jeanne-Marie Beaubier) X-Men #120 (April 1979)
13%
261 Daken Wolverine: Origins #5 (October 2006)
13%
101 H.E.R.B.I.E. Fantastic Four #209 (August 1979)
13%
321 Karnak Fantastic Four #45 (December 1965)
13%
281 Lockheed Uncanny X-Men #166 (February 1983)
13%
262 Moira MacTaggert X-Men #96 (December 1975)
13%
124 Patriot (Jeffrey Mace) Human Torch #4 (March 1941)
13%
297 Speedball (Robby Baldwin) Amazing Spider-Man Annual #22 (September 1988)
13%
147 Titania (Skeeter McPherran) Marvel Super Heroes Secret Wars #3 (July 1984)
13%
172 Baron Strucker (Wolfgang von Strucker) Sgt. Fury #5 (January 1964)
12%
264 Beetle (Abe Jenkins) Strange Tales #123 (August 1964)
12%
184 Colleen Wing Marvel Premiere #19 (November 1974)
12%
116 Eternity Strange Tales #138 (November 1965)
12%
322 Gorgon Fantastic Four #44 (November 1965)
12%
247 Magma (Amara Aquilla) New Mutants #8 (October 1983)
12%
109 Mastermind (Jason Wyngarde) X-Men #4 (March 1984)
12%
172 Maximus Fantastic Four #47 (February 1966)
12%
162 Nightmare Strange Tales #110 (July 1963)
12%
279 Songbird (Melissa Gold) Marvel Two-in-One #54 (August 1979)
12%
256 Triton Fantastic Four #45 (December 1965)
12%
229 Armor (Hisako Ichiki) Astonishing X-Men #4 (October 2004)
11%
406 Balder Journey into Mystery #85 (October 1962)
11%
139 Batroc the Leaper (Georges Batroc) Tales of Suspense #75 (March 1966)
11%
251 Brother Voodoo (Jericho Drumm) Strange Tales #169 (October 1973)
11%
629 Joe Robertson Amazing Spider-Man #51 (August 1967)
11%
264 Karma (Xian Coy Manh) Marvel Team-Up #100 (December 1980)
11%
149 Makkari Eternals #5 (November 1976)
11%
360 Moonstone (Karla Sofen) Captain America #192 (December 1975)
11%
169 Nico Minoru Runaways #1 (July 2003)
11%
107 Sauron (Karl Lykos) X-Men #59 (August 1969)
11%
287 Strong Guy (Guido Carosella) New Mutants #29 (July 1985)
11%
150 Typhoid Mary (Mary Walker) Daredevil #254 (May 1988)
11%
205 Wizard (Bentley Wittman) Strange Tales #102 (November 1962)
11%
147 Anna Watson Amazing Spider-Man #15 (August 1964)
10%
407 Ben Urich Daredevil #153 (July 1978)
10%
123 Caliban Uncanny X-Men #148 (August 1981)
10%
238 Cypher (Doug Ramsey) New Mutants #13 (March 1984)
10%
133 Danielle Cage The Pulse #13 (March 2006)
10%
107 Destiny (Irene Adler) X-Men #141 (January 1981)
10%
164 Leech Uncanny X-Men #179 (March 1984)
10%
204 Nighthawk (Kyle Richmond) Avengers #69 (October 1969)
10%
337 Alicia Masters Fantastic Four #8 (November 1962)
9%
323 Doc Samson (Leonard Samson) Incredible Hulk #141 (July 1971)
9%
159 Jocasta Avengers #162 (August 1977)
9%
153 Lilandra Neramani X-Men #97 (February 1976)
9%
105 Machine Man (Aaron Stack) Nextwave #1 (March 2006)
9%
140 Marrow Cable #15 (September 1994)
9%
300 Pixie (Megan Gwynn) New X-MEn #5 (November 2004)
9%
110 Speed Demon (James Sanders) Avengers #69 (October 1969)
9%
135 Supreme Intelligence Fantastic Four #65 (August 1967)
9%
101 Union Jack (Joey Chapman) Captain America #253 (January 1981)
9%
220 Wrecker (Dirk Garthwaite) Thor #148 (January 1968)
9%
133 Arcade Marvel Team-Up #65 (January 1978)
8%
105 Black Tom Cassidy X-Men #99 (June 1976)
8%
127 Callisto Uncanny X-Men #169 (May 1983)
8%
172 Diamondback (Rachel Leighton) Captain America #310 (October 1985)
8%
156 Dust (Sooraya Qadir) New X-Men #133 (December 2002)
8%
122 Goldballs (Fabio Medina) Uncanny X-Men #1 (April 2013)
8%
229 Husk (Paige Guthrie) Rom Annual #3 (November 1984)
8%
231 Kid Omega (Quentin Quire) New X-Men #134 (January 2003)
8%
136 Madelyne Pryor Uncanny X-Men #168 (April 1983)
8%
126 Owl (Leland Owlsley) Daredevil #3 (August 1964)
8%
167 Pip the Troll (Pip Gofern) Strange Tales #179 (April 1975)
8%
226 Shaman (Michael Twoyoungmen) X-Men #120 (April 1979)
8%
278 Siryn (Theresa Cassidy) Spider-Woman #37 (April 1981)
8%
136 Snowbird (Narya) X-Men #120 (April 1979)
8%
106 Spiral Longshot #1 (September 1985)
8%
254 Vindicator (Heather Hudson) X-Men #139 (November 1980)
8%
217 Zabu X-Men #10 (March 1965)
8%
206 Boomerang (Fred Myers) Tales to Astonish #81 (July 1966)
7%
151 Bulldozer (Henry Camp) Defenders #17 (November 1974)
7%
107 Cecilia Reyes X-Men #65 (June 1997)
7%
237 Celeste Cuckoo New X-Men #118 (November 2001)
7%
144 Doctor Druid (Anthony Druid) Weird Wonder Tales #19 (December 1976)
7%
156 Elixir (Josh Foley) New Mutants #5 (November 2003)
7%
277 Hellstorm (Daimon Hellstrom) Ghost Rider #1 (September 1973)
7%
281 Liz Allan Amazing Fantasy #15 (August 1962)
7%
155 Major Victory (Vance Astro) Marvel Super-Heroes #18 (January 1969)
7%
255 Meggan Mighty World of Marvel #7 (December 1983)
7%
185 Night Thrasher (Dwayne Taylor) Thor #411 (December 1989)
7%
133 Nomad (Jack Monroe) Captain America #153 (September 1972)
7%
248 Phoebe Cuckoo New X-Men #118 (November 2001)
7%
131 Randy Robertson Amazing Spider-Man #67 (December 1968)
7%
290 Rictor (Julio Richter) X-Factor #17 (June 1987)
7%
313 Rockslide (Santo Vaccarro) New Mutants #3 (September 2003)
7%
112 Shadow King X-Men #117 (January 1979)
7%
137 Stingray (Walter Newell) Tales to Astonish #95 (September 1967)
7%
103 Triathlon (Delroy Garrett Jr.) Avengers #8 (September 1998)
7%
170 Abigail Brand Astonishing X-Men #3 (September 2004)
6%
136 Bling! (Roxy Washington) X-Men #171 (August 2005)
6%
233 Chamber (Jonothon Starsmore) Generation X #1 (November 1994)
6%
138 Danger Astonishing X-Men #9 (March 2005)
6%
190 Doctor Nemesis (James Bradley) Invaders #1 (May 1993)
6%
138 Fantomex New X-Men #128 (August 2002)
6%
136 Jack of Hearts (Jack Hart) Deadly Hands of Kung Fu #22 (March 1976)
6%
143 Jimmy Woo Yellow Claw #1 (October 1956)
6%
160 Kaine Web of Spider-Man #119 (December 1994)
6%
117 Karolina Dean Runaways #1 (July 2003)
6%
373 Krakoa Giant-Size X-Men #1 (May 1975)
6%
243 Mindee Cuckoo New X-Men #118 (November 2001)
6%
177 Piledriver (Brian Calusky) Defenders #17 (November 1974)
6%
130 Radioactive Man (Chen Lu) Journey into Mystery #93 (June 1963)
6%
211 Redwing Captain America #117 (September 1969)
6%
242 Sage (Tessa) X-Men #132 (April 1980)
6%
113 Scout (Gabby Kinney) All-New Wolverine #2 (January 2016)
6%
112 Selene Gallio New Mutants #9 (November 1983)
6%
150 Synch (Everett Thomas) X-Men #36 (September 1994)
6%
200 Thunderstrike (Eric Masterson) Thor #391 (May 1988)
6%
146 Tiger Shark (Todd Arliss) Sub-Mariner #5 (September 1968)
6%
381 Toro (Thomas Raymond) Human Torch #2 (September 1940)
6%
151 Trapster (Peter Petruski) Strange Tales #104 (January 1963)
6%
273 Anole New Mutants #2 (August 2003)
5%
152 Doop X-Force #116 (July 2001)
5%
152 Dragon Man Fantastic Four #35 (February 1965)
5%
138 Exodus (Bennet du Paris) X-Factor #92 (July 1993)
5%
136 Gargoyle (Isaac Christians) Defenders #94 (April 1981)
5%
181 Glob Herman New X-Men #117 (October 2001)
5%
106 Grey Gargoyle (Paul Duval) Journey into Mystery #107 (August 1964)
5%
195 Hellion (Julian Keller) New Mutants #2 (August 1003)
5%
124 Hepzibah X-Men #107 (October 1977)
5%
126 Living Lightning (Miguel Santos) Avengers West Coast #63 (October 1990)
5%
148 Mad Thinker Fantastic Four #15 (June 1963)
5%
158 Mercury (Cessily Kincaid) New Mutants #2 (August 2003)
5%
171 Mister Hyde (Calvin Zabo) Journey into Mystery #99 (December 1963)
5%
120 Molly Hayes Runaways #1 (July 2003)
5%
159 Nancy Brown Miss America Magazine #3 (December 1944)
5%
156 Prodigy (David Alleyne) New Mutants #4 (October 2003)
5%
118 Red Sonja Conan the Barbarian #23 (February 1973)
5%
177 Surge (Noriko Ashida) New Mutants #8 (January 2004)
5%
117 Viv Vision Vision #1 (January 2016)
5%
147 Bug Micronauts #1 (January 1979)
4%
115 Carlie Cooper Amazing Spider-Man #545 (January 2008)
4%
136 Chase Stein Runaways #1 (July 2003)
4%
121 Dorothy Walker Miss America Magazine #2 (November 1944)
4%
153 Fixer (Norbert Ebersol) Strange Tales #141 (February 1966)
4%
107 Frank Drake Tomb of Dracula #1 (April 1972)
4%
186 Gloria Grant Amazing Spider-Man #140 (January 1975)
4%
216 Henry Gyrich Avengers #165 (November 1977)
4%
113 Joshua Walker Miss America Magazine #2 (December 1944)
4%
108 Layla Miller House of M #4 (September 2005)
4%
116 Leiko Wu Master of Kung Fu #33 (October 1985)
4%
109 Nikki (Nicholette Gold) Marvel Presents #4 (April 1976)
4%
140 Pete Wisdom Excalibur #86 (February 1995)
4%
159 Rage (Elvin Haliday) Avengers #326 (November 1990)
4%
116 Skin (Angelo Espinosa) Uncanny X-Men #317 (October 1994)
4%
227 Valerie Cooper Uncanny X-Men #176 (December 1983)
4%
156 Wild Child (Kyle Gibney) Alpha Flight #1 (August 1983)
4%
126 Betty Dean Marvel Mystery Comics #3 (January 1940)
3%
107 Blindfold (Ruth Aldine) Astonishing X-Men #7 (January 2005)
3%
116 Ch'od X-Men #104 (April 1977)
3%
146 Frenzy (Joanna Cargill) X-Factor #4 (May 1986)
3%
137 Genesis (Evan Sabahnur) Uncanny X-Force #7 (June 2011)
3%
107 Gorilla-Man (Kenneth Hale) Men's Adventures #26 (March 1954)
3%
137 Jasper Sitwell Strange Tales #144 (May 1966)
3%
173 Microchip (David Lieberman) Punisher #4 (November 1987)
3%
161 Noh-Varr Marvel Boy #1 (August 2000)
3%
103 Old Lace Runaways #1 (August 2003)
3%
155 Oya (Idie Okonkwo) Uncanny X-Men #528 (November 2010)
3%
112 Raza Longknife X-Men #107 (October 1977)
3%
107 Scalphunter (John Greycrow) Uncanny X-Men #211 (November 1986)
3%
124 Spitfire (Jacqueline Falsworth) Invaders #7 (July 1976)
3%
106 Tempus (Eva Bell) All-New X-Men #1 (January 2013)
3%
112 Ulik Thor #137 (February 1967)
3%
150 Valentina Allegra de Fontaine Strange Tales #159 (August 1967)
3%
162 Veranke New Avengers #1 (January 2005)
3%
118 Wyatt Wingfoot Fantastic Four #50 (May 1966)
3%
120 Bethany Cabe Iron Man #117 (December 1978)
2%
119 Charlie-27 Marvel Super-Heroes #18 (January 1969)
2%
131 Glenn Talbot Tales to Astonish #61 (November 1964)
2%
119 Manifold (Eden Fesi) Secret Warriors #4 (July 2009)
2%
122 Marla Madison Amazing Spider-Man #162 (November 1976)
2%
126 Paladin Daredevil #150 (January 1978)
2%
110 Talisman (Elizabeth Twoyoungmen) Alpha Flight #5 (December 1985)
2%
110 Victor Mancha Runaways #1 (April 2005)
2%
133 Aragorn Avengers #48 (January 1968)
1%
105 Arcturus Rann Micronauts #1 (January 1979)
1%
145 Artie Maddicks X-Factor #2 (March 1986)
1%
199 Buzz Baxter Miss America Magazine #2 (November 1944)
1%
110 Clay Quartermain Strange Tales #163 (December 1967)
1%
143 Dino Manelli Sgt. Fury #1 (May 1963)
1%
159 Frenchie (Jean-Paul Duchamp) Werewolf by Night #32 (August 1975)
1%
300 Hedy Wolfe Miss America Magazine #2 (November 1944)
1%
140 Izzy Cohen Sgt. Fury #1 (May 1963)
1%
140 Karnilla Journey into Mystery #107 (August 1964)
1%
140 Lyja Fantastic Four #265 (April 1984)
1%
203 Madison Jeffries Alpha Flight #1 (August 1983)
1%
131 Marlo Chandler Incredible Hulk #347 (September 1988)
1%
153 Merlyn Young Allies #11 (March 1944)
1%
134 Percy Pinkerton Sgt. Fury #8 (July 1964)
1%
156 Rebel Ralston Sgt. Fury #1 (May 1963)
1%
111 Sam Sawyer Sgt. Fury #1 (May 1963)
1%
112 Silhouette (Silhouette Chord) New Warriors #2 (August 1990)
1%
114 Tippy-Toe G.L.A. #4 (September 2005)
1%
122 Bambi Arbogast Iron Man #118 (January 1979)
0%
125 Blackjack Tarr Master of Kung Fu #17 (April 1974)
0%
213 Clicker Holbrook Millie the Model Comics #1 (December 1945)
0%
105 Clive Reston Giant-Size Master of Kung Fu #3 (March 1975)
0%
134 Constrictor (Frank Payne) Incredible Hulk #212 (June 1977)
0%
109 George Washington Bridge X-Force #1 (August 1991)
0%
103 Grand Vizier Journey into Mystery #120 (September 1965)
0%
109 Hildegarde Thor #195 (January 1972)
0%
171 Howard Hanover Millie the Model Comics #1 (December 1945)
0%
155 Marlene Alraune Marvel Spotlight #28 (June 1976)
0%
119 Tessie the Typist Joker Comics #2 (June 1942)
0%
No matching quizzes found
Score Distribution
Percent of People with Each Score
Percentile by Number Answered
Your Score History
You have not taken this quiz